000 00816nam a22002417a 4500
999 _c20503
_d20503
003 AR-CdUCM
008 190320b ||||| |||| 00| 0 spa d
040 _aMUNICIPALIDAD PROVINCIAL DEL CUSCO
_cBIBLIOTECA MUNICIPAL DEL CUSCO
041 _heng
082 _a514.07 /
_bJ92
100 _aJurgensen, Ray C.
_942854
245 _aGeometría moderna :
_bEstructura y método /
260 _aMéxico :
_bCultural,
_c1968.
300 _a590 páginas ;
_c26 cm.
505 _aContenido : Elementos de geometría -- La inducción como método de descubrimiento -- Deducción y demostración...
650 _aGeometría
_918656
650 _aÁlgebra
_919778
650 _aTrigonometría
_919779
700 _aDonnelly, Alfred J.
_942855
700 _aDolciani, Mary P.
_920735
942 _2ddc
_cLIBROS
945 _arcc